Prueba de Guinea - Estadísticas

Estadísticas generales
  • Esta prueba ha sido intentada 563 veces
  • La puntuación promedio es 12 de 15
Estadísticas de respuestas
Pregunta Respuesta % Correcto
Idioma oficial Francés
95%
Países limítrofes Guinea-Bissau
93%
Países limítrofes Senegal
93%
Religión dominante Islam
92%
Países limítrofes Malí
91%
Países limítrofes Sierra Leona
89%
Países limítrofes Costa de Marfil
88%
Países limítrofes Liberia
88%
Guinea sufrió un gran brote de esta enfermedad en 2014 Ebola
85%
El 63% de las mujeres guineanas están ______ antes de los 18 años, una de las tasas más altas del mundo. Casadas
83%
Capital de Guinea Conakri
77%
El río que nace en las tierras altas de Guinea y se vacía en Nigeria Río Níger
77%
Animal nacional Elefante Africano
47%
Guinea es el segundo productor mundial de Bauxita, utilizada para producir este metal Aluminio
42%
El grupo étnico más grande (empieza con F) Fula
27%
No se encontraron pruebas coincidentes
Distribución de puntuación
Porcentaje de gente con cada puntuación
Porcentaje por número respondido
Historial de tus puntuaciones
No has intentado esta prueba.